000
00298nam a2200109Ia 4500
008
220204s9999 xx 000 0 und d
082
_a
556.51:65
_b
KHA
245
0
_a
Watershed management for sustainable agriculture
260
_a
Jodhpur
_b
Agrobiosis(India)
_c
2002
700
_a
Khan, M A
942
_c
BK
999
_c
42089
_d
42089